Oiseaux d'Europe - Statistiques

Statistiques générales
  • Ce quiz a été pris 154 fois
  • Le résultat moyen est 10 sur 15
Statistiques - réponses
Par images Réponse % Correct
Mésange bleue
95%
Mésange charbonnière
92%
Geai des chênes
84%
Pie bavarde
81%
Corneille noire
71%
Pinson des arbres
70%
Choucas des tours
69%
Sittelle torchepot
67%
Corbeau freux
64%
Rougegorge familier
63%
Fauvette à tête noire
62%
Grimpereau des jardins
57%
Moineau domestique
48%
Pouillot véloce
47%
Rossignol philomèle
33%
Aucun quiz correspondant
Distribution des résultats
% des personnes avec chaque résultat
Percentile par nombre de réponses
Votre historique - résultats
Vous n’avez pas pris ce quiz